| 000 | 00660nam a2200169 a 4500 | ||
|---|---|---|---|
| 008 | 120416s0000 ||||||||||||||||| || u | ||
| 020 | _a0582322774 | ||
| 050 | _aQL 47.2 Cha | ||
| 100 | _aChapman, G | ||
| 245 | 1 | 0 | _aZoology for intermediate students |
| 250 | _a2nd ed. | ||
| 260 |
_aLondon _bLongman _c1972 |
||
| 300 | _ax, 814p. : ill. | ||
| 350 | _a0.00 | ||
| 995 |
_aBINDERY (DAMAGED) _D0.00 _e716222 _FCBU-MAIN LIBRARY (Kitwe) _H1 _I35.00 _jQL 47.2 Cha _UDAMAGED _y014702 _ZMain Library Open Access Collection |
||
| 995 |
_aBINDERY (DAMAGED) _D0.00 _e716221 _FCBU-MAIN LIBRARY (Kitwe) _H2 _I35.00 _jQL 47.2 Cha _M1 _UDAMAGED _y019061 _ZMain Library Open Access Collection |
||
| 999 |
_c83445 _d83445 |
||